guess the hype house member - Statistics

General Stats
  • This quiz has been taken 7 times
  • The average score is 10 of 12
Answer Stats
Picture Answer % Correct
Addison Rae
100%
Alex warren
100%
Avani Gregg
100%
Charli D’Amelio
100%
Dixie D’Amelio
100%
Larray
100%
Tony Lopez
100%
Chase Hudson
86%
Jack wright
71%
Thomas Petrou
71%
Daisy keech
57%
Nick Austin
43%
No matching quizzes found
Score Distribution
Percent of People with Each Score
Percentile by Number Answered
Your Score History
You have not taken this quiz